00725nam a2200241Ia 4500001000700000003000500007008004100012010001100053020001800064040000900082082001500091100002300106245008100129260005700210300001500267503001700282504005100299650002000350650003000370650002000400650003400420700002900454Z_6226CHAP220113s1990 xx 000 0 und d a169469 a0-12-355065-3 cCHAP a591.51 H66 aHonore´, Erika K. aA concise survey of animal behavior /cErika K. Honore´ y Peter H. Klopfer aEstados Unidos de América :bAcademic Press,c1990 axx, 186 p. aej.1: 174707 aBibliografía: p. 163 - 170, incluye índice aAnimal behavior aComportamiento migratorio aConducta animal aEvoluciónmigration behavior aKlopfer, Peter H. coaut.